|
|
|
|
| LEADER |
00000naa2a2200000 4500 |
| 001 |
403841 |
| 005 |
20231101070002.0 |
| 035 |
|
|
|a (RuTPU)RU\TPU\prd\50640
|
| 090 |
|
|
|a 403841
|
| 100 |
|
|
|a 20070507a2006 k y0rusy50 ca
|
| 101 |
0 |
|
|a rus
|
| 102 |
|
|
|a RU
|
| 200 |
1 |
|
|a Осторожно! Угол ввода луча α= 70 градусов?
|f А. К. Гурвич, Л. И. Кузьмина, С. В. Николаев
|
| 225 |
1 |
|
|a Ультразвуковой контроль
|
| 320 |
|
|
|a Библиогр.: 10 назв.
|
| 461 |
|
0 |
|0 (RuTPU)RU\TPU\prd\1155
|x 1609-3178
|t В мире неразрушающего контроля
|o Ежеквартальное журнальное обозрение
|d 2001-
|
| 463 |
|
0 |
|0 (RuTPU)RU\TPU\prd\49593
|t № 4
|v С. 48-50
|d 2006
|
| 610 |
1 |
|
|a угол ввода луча α
|
| 610 |
1 |
|
|a определения
|
| 610 |
1 |
|
|a температурные зависимости
|
| 610 |
1 |
|
|a преобразователи
|
| 610 |
1 |
|
|a чувствительность
|
| 610 |
1 |
|
|a чувствительность
|
| 700 |
|
1 |
|a Гурвич
|b А. К.
|
| 701 |
|
1 |
|a Кузьмина
|b Л. И.
|
| 701 |
|
1 |
|a Николаев
|b С. В.
|
| 801 |
|
1 |
|a RU
|b 63413507
|c 20070507
|g PSBO
|
| 942 |
|
|
|c BK
|